Statystyki dla Totalna Porażka w Trasie Eliminacja

Kliknij tutaj aby rozwiązać quiz!

Ogólne statystyki

  • Ten quiz został rozwiązany 130 razy
  • Średni wynik to 11 z 18

Statystyki odpowiedzi

HintOdpowiedź% Poprawnych
19Duncan
85%
3Cody
78%
18Ezekiel
77%
2Alejandro
75%
4Sierra
74%
1Heather
73%
17Harold
70%
16Bridgette
60%
5Duncan
60%
15Leshawna
60%
7/6Blaineley i Courtney
56%
9Gwen
56%
8Owen
56%
14Lindsay
52%
11Noah
51%
12DJ
48%
13Izzy
47%
10Tyler
45%

Rozkład punktacji

Percentyl według liczby udzielonych odpowiedzi

Procent ludzi z każdym wynikiem

Twoja historia wyników

Nie rozwiązałeś tego quizu